000 00186nam a2200085 4500
001 1238429
005 20251006094049.0
245 _aBİLİM ÇOCUK
_cKOMİSYON
260 _bTÜBİTAK YAYINLARI
999 _c1238429
_d1238429